| 000 | 01469cam a22003734a 4500 | ||
|---|---|---|---|
| 001 | 14302855 | ||
| 005 | 20201128013449.0 | ||
| 008 | 060316s2007 flua bf 001 0 eng | ||
| 010 | _a 2006008566 | ||
| 015 |
_aGBA659423 _2bnb |
||
| 016 | 7 |
_a013505030 _2Uk |
|
| 020 | _a157444560X (alk. paper) | ||
| 020 | _a9781574445602 | ||
| 035 | _a(OCoLC)ocm65165358 | ||
| 035 | _a(OCoLC)65165358 | ||
| 040 |
_aDLC _cDLC _dBAKER _dUKM _dC#P _dBTCTA _dYDXCP _dDLC |
||
| 042 | _apcc | ||
| 050 | 0 | 0 |
_aJF1351 _b.H275 2007 |
| 082 | 0 | 0 |
_a351 _222 _bPUB |
| 245 | 0 | 0 |
_aHandbook of Public Administration / _cEdited by Jack Rabin, W. Bartley Hildreth, Gerald J. Miller. |
| 250 | _a3rd ed. | ||
| 260 |
_aBoca Raton : _bCRC/Taylor & Francis, _c2007. |
||
| 300 |
_a1243 p. : _bill. ; _c27 cm. |
||
| 490 |
_91482 _aPublic Administration and Public Policy; _v124 |
||
| 504 | _aIncludes bibliographical references and index. | ||
| 650 | 0 |
_aPublic administration _vHandbooks, manuals, etc. _920212 |
|
| 700 | 1 |
_aRabin, Jack, _d1945- _920213 |
|
| 700 | 1 |
_aHildreth, W. Bartley, _d1949- _920214 |
|
| 700 | 1 |
_aMiller, Gerald. _920215 |
|
| 856 | 4 | 1 |
_3Table of contents only _uhttp://www.loc.gov/catdir/toc/ecip0610/2006008566.html |
| 856 | 4 | 2 |
_3Publisher description _uhttp://www.loc.gov/catdir/enhancements/fy0648/2006008566-d.html |
| 942 |
_2ddc _cREFERENCE |
||
| 999 |
_c10322 _d10322 |
||